Film existant n°2 - Statistiques

Statistiques générales
  • Ce quiz a été pris 63 fois
  • Le résultat moyen est 3 sur 8
Answers on the Grid
Answers color-coded by a green-red scale on the quiz's grid according to % correct below.
Arrête de ramer, t'es sur le sable
Le tueur de cochon
La chèvre
La voiture rouge
Poules et frites
Rodriguez au pays des merguez
Lève tes bras
Jambon pates
Attaque des tomates tueuses
La poubelle du voisin
En avant pour le Turkménistan
Un éléphant ça trompe énormément
La vengeance du serpent à plumes
L'arbre de la vérité
Rendez moi ma peau
Le secret du cabanon
 
Statistiques - réponses
Réponse % Correct
La chèvre
87%
Un éléphant ça trompe énormément
80%
La vengeance du serpent à plumes
50%
Attaque des tomates tueuses
46%
Arrête de ramer, t'es sur le sable
30%
Rendez moi ma peau
17%
Rodriguez au pays des merguez
17%
Poules et frites
15%
Aucun quiz correspondant
Distribution des résultats
% des personnes avec chaque résultat
Percentile par nombre de réponses
Votre historique - résultats
Vous n’avez pas pris ce quiz